000 nam a22 7a 4500
999 _c53508
_d53508
003 OSt
005 20220723110352.0
008 220723b xxu||||| |||| 00| 0 eng d
040 _cIIMT UNIVERSITY MEERUT
100 _aLYNCH R M
245 _aACCOUNTING FOR MANAGEMENT
260 _bTMH
300 _a542
942 _2ddc
_c09